LEADER 01144nam0-22004211i-450- 001 990007957980403321 005 20090610123418.0 010 $a88-7947-346-8 035 $a000795798 035 $aFED01000795798 035 $a(Aleph)000795798FED01 035 $a000795798 100 $a20041124d2003----km-y0itay50------ba 101 0 $aita 102 $aIT 105 $aa---a---001yy 200 1 $aCitologia e istologia umana$fDaniele Bani 210 $aNapoli$cIdelson-Gnocchi$dc2003 215 $axi, 468 p.$cill. 610 0 $aCitologia 610 0 $aIstologia 676 $a574.824 700 1$aBani,$bDaniele$0101624 801 0$aIT$bUNINA$gRICA$2UNIMARC 901 $aBK 912 $a990007957980403321 952 $a574.824-BAN-(1$b3694$fSC1 952 $a574.824-BAN-(1 a$b3695$fSC1 952 $aBL-574.824-(8$b3696$fNAP10 952 $aBL-574.824-(8 a$b3697$fNAP10 952 $aBL-574.824-(8 b$b3698$fNAP10 952 $a90 G 2a 29$b2418$fFMEBC 952 $a90 G 2a 30$b2515$fFMEBC 959 $aSC1 959 $aNAP10 959 $aFMEBC 996 $aCitologia e istologia umana$9746788 997 $aUNINA LEADER 00812nam0-22002651i-450 001 990007461080403321 005 20250414122328.0 035 $a000746108 100 $a20030813d1992----km-y0itay50------ba 101 0 $aita 102 $aIT 105 $aa-------001yy 200 1 $a<>aree portuali nell'evoluzione della costa tra Genova e Voltri$fDanilo Cabona, Remo Terranova 210 $aTortona$cLitocoop Srl$d1992 stampa 215 $a72 p.$d24 cm 610 0 $aLiguria$aCoste 700 1$aCabona,$bDanilo$0269470 701 1$aTerranova,$bRemo$0251992 801 0$aIT$bUNINA$gRICA$2UNIMARC 901 $aLG 912 $a990007461080403321 952 $aMISC. C 183$bI.G.378A$fILFGE 959 $aILFGE 996 $aAree portuali nell'evoluzione della costa tra Genova e Voltri$9679915 997 $aUNINA LEADER 01338nam2 2200301 i 450 001 CFI0055514 005 20251003044115.0 020 $aIT$b88-5283 100 $a20060404d1983 ||||0itac50 ba 101 | $aita 102 $ait 181 1$6z01$ai $bxxxe 182 1$6z01$an 200 0 $a1$fMassimo Confortini 210 $aPadova$cCEDAM$d1983 215 $aX, 167 p.$d24 cm. 225 | $aPubblicazioni dell'Istituto di diritto privato dell'Università di Roma La Sapienza$v27 410 0$1001CFI0001951$12001 $aPubblicazioni dell'Istituto di diritto privato dell'Università di Roma La Sapienza$v27$171201$aUniversita degli studi di Roma La Sapienza$b : Istituto di diritto privato$3RMSV422174 461 1$1001CFI0032453$12001 $aˆLa ‰multiproprietà$fMassimo Confortini$v1 606 $aMultiproprietà$2FIR$3CFIC018642$9I 676 $a346.450433$9DIRITTO DELLA PROPRIETA ORIZZONTALE (CONDOMINIO) E DELLA PROPRIETA INDIVISA (COMUNIONE). ITALIA$v21 801 3$aIT$bIT-000000$c20060404 850 $aIT-BN0095 $aIT-NA0079 912 $aCFI0055514 950 2$aBiblioteca Centralizzata di Ateneo$c1 v.$d 01D (AR) 9 406$e 01AR 0070094065 VMA 1 v.$fY $h20160222$i20160222 977 $a 01$a BN 996 $a1$961339 997 $aUNISANNIO